Miejscowości w Powiacie płockim - Statystyki

Ogólne statystyki
  • Ten quiz został rozwiązany 28 razy
  • Średni wynik to 9 z 31
Statystyki odpowiedzi
Rodzaj gminy Odpowiedź gmina % Poprawnych
Główne Miasto Płock
87%
Gmina Wiejsko-Miejska Gąbin
70%
Gmina Wiejska Bielsk
65%
Gmina Wiejska Łąck
61%
Gmina Wiejska Staroźreby
61%
Gmina Wiejsko-Miejska Drobin
57%
Gmina Wiejska Słupno
57%
Gmina Wiejska Stara Biała
57%
Gmina Wiejsko-Miejska Bodzanów
43%
Gmina Wiejsko-Miejska Wyszogród
43%
Gmina Wiejska Brudzeń Duży
39%
Gmina Wiejska Nowy Duninów
39%
Gmina Wiejska Radzanowo
39%
Gmina Wiejska Bułkowo
26%
2 miejscowość Rogozino
26%
2 miejscowość Soczewka
26%
2 miejscowość Grabina
22%
2 miejscowość Brwilno
17%
Gmina Wiejska Mała Wieś
17%
2 miejscowość Blichowo
13%
2 miejscowość Dobrzyków
13%
2 miejscowość Gulczewo
13%
2 miejscowość Nowa Góra
13%
Gmina Wiejska Słubice
13%
2 miejscowość Ciachcin
9%
2 miejscowość Cieszewo
9%
2 miejscowość Murzynowo
9%
2 miejscowość Chodkowo/Kępa Polska
4%
2 miejscowość Dzierżanowo
0%
2 miejscowość Piotrkówek
0%
2 miejscowość Rębowo
0%
Nie znaleziono quizów pasujących do podanych kryteriów
Rozkład punktacji
Procent ludzi z każdym wynikiem
Percentyl według liczby udzielonych odpowiedzi
Twoja historia wyników
Nie rozwiązałeś tego quizu